|
|
|
|
| LEADER |
00800nam a22002172a 4500 |
| 001 |
000318995 |
| 003 |
CZ BrMZK |
| 005 |
20070831114214.0 |
| 007 |
ta |
| 008 |
980105s1971 xo f |||||||| ||slo d |
| 040 |
|
|
|a BOA001
|b cze
|c BOA001
|
| 100 |
1 |
|
|a Váross, Marian,
|d 1923-1988
|7 ola2003162708
|4 aut
|
| 245 |
1 |
0 |
|a Výtvarný život na Slovensku začiatkom 20. storočia :
|b maliarstvo a grafika rokov 1900-1918 /
|c Marian Váross
|
| 250 |
|
|
|a 1. vyd.
|
| 260 |
|
|
|a Bratislava :
|b Univerzita Komenského,
|c 1971
|
| 300 |
|
|
|a 125 s.
|
| 490 |
1 |
|
|a Vysokoškolské učebné texty
|
| 810 |
2 |
|
|a Univerzita Komenského v Bratislave.
|t Vysokoškolské učebné texty
|
| 910 |
|
|
|a BOA001
|b 4-0673.127
|k r
|
| 990 |
|
|
|a BK
|
| 996 |
6 |
|
|b 2619846272
|c 4-0673.127
|l MZK
|r Sklad / do 1 hodiny
|n 2
|w 000318995
|u 000010
|a 1
|e BOA001
|j MZK50
|s P
|